Las catedrales góticas castellanas / (Record no. 9831)

MARC details
000 -LEADER
campo de control de longitud fija 00872nam a2200265 i 4500
001 - NÚMERO DE CONTROL
campo de control 9831
003 - IDENTIFICADOR DE NÚMERO DE CONTROL
campo de control ES-MaACL
005 - FECHA Y HORA DE LA ÚLTIMA TRANSACCIÓN
campo de control 20230906145750.0
007 - CAMPO FIJO DE DESCRIPCIÓN FÍSICA--INFORMACIÓN GENERAL
campo de control de longitud fija t|
008 - DATOS DE LONGITUD FIJA--INFORMACIÓN GENERAL
campo de control de longitud fija 940124s1992 sp a |||| | spa d
020 ## - NÚMERO INTERNACIONAL ESTÁNDAR DEL LIBRO
Número Internacional Estándar del Libro 84-86408-23-7
080 ## - NÚMERO DE LA CLASIFICACIÓN DECIMAL UNIVERSAL
Número de la Clasificación Decimal Universal 726.6(462/464)
080 ## - NÚMERO DE LA CLASIFICACIÓN DECIMAL UNIVERSAL
Número de la Clasificación Decimal Universal 72.033.5(462/464)
100 1# - ENTRADA PRINCIPAL--NOMBRE DE PERSONA
Nombre de persona Piquero López, María Ángeles Blanca.
9 (RLIN) 151143
245 14 - MENCIÓN DEL TÍTULO
Título Las catedrales góticas castellanas /
Mención de responsabilidad, etc. Mª Angeles Blanca Piquero López.
260 ## - PUBLICACIÓN, DISTRIBUCIÓN, ETC.
Lugar de publicación, distribución, etc. Salamanca :
Nombre del editor, distribuidor, etc. Colegio de España,
Fecha de publicación, distribución, etc. 1992.
300 ## - DESCRIPCIÓN FÍSICA
Extensión 178 p. :
Otras características físicas fot. col. ;
Dimensiones 25 cm.
490 1# - MENCIÓN DE SERIE
Mención de serie Arte español, artistas y estilos ;
Designación de volumen o secuencia 3
500 ## - NOTA GENERAL
Nota general Bibliografía.
650 14 - PUNTO DE ACCESO ADICIONAL DE MATERIA--TÉRMINO DE MATERIA
Término de materia o nombre geográfico como elemento de entrada Catedrales góticas-
Subdivisión geográfica Castilla.
9 (RLIN) 168313
650 14 - PUNTO DE ACCESO ADICIONAL DE MATERIA--TÉRMINO DE MATERIA
Término de materia o nombre geográfico como elemento de entrada Arquitectura gótica-
Subdivisión geográfica Castilla.
9 (RLIN) 10028
830 0# - PUNTO DE ACCESO ADICIONAL DE SERIE-TÍTULO UNIFORME
Título uniforme Arte español, artistas y estilos ;
Designación de volumen o secuencia 3
9 (RLIN) 228071
852 ## - LOCALIZACIÓN
Ubicación ES-MaACL
Número de control de estantería L-17296
Holdings
Estatus retirado Estado de pérdida Estado de daño No para préstamo Biblioteca de origen Biblioteca actual Ubicación en estantería Fecha de adquisición Fuente de adquisición Total de préstamos Signatura topográfica completa Código de barras Visto por última vez Precio de reemplazo Tipo de ítem Koha
        Biblioteca del Ateneo de Madrid Biblioteca del Ateneo de Madrid Depósito 2 17/01/2008     L-17296 1010034 23/02/2023 23/02/2023 Libro impreso